| 000 | 00879nam a22002535a 4500 | ||
|---|---|---|---|
| 005 | 20151104101252.0 | ||
| 008 | 150624r20102006ii a frb 001 0 eng d | ||
| 020 | _a9788126528028 | ||
| 040 |
_aEG-ScBUE _beng _cEG-ScBUE _dEG-ScBUE |
||
| 082 | 0 | 4 |
_a005.12 _bTAY _222 |
| 100 | 1 |
_aTaylor, Richard N., _938666 _d1952- |
|
| 245 | 1 | 0 |
_aSoftware architecture : _bfoundations, theory and practice / _cRichard N. Taylor, Nead Medvidović, Eric M. Dashofy. |
| 260 |
_aNew Delhi : _bWiley India / John Wiley & Sons, _c2010. |
||
| 300 |
_axxiv, 712 p. ; _bill. ; _c24 cm. |
||
| 500 | _aIndex : p. 691-712. | ||
| 500 | _aReprint of the 2006 ed. | ||
| 504 | _aBibliography : p. 675-690. | ||
| 650 | 0 |
_aSoftware architecture. _2BUEsh |
|
| 651 | _2BUEsh | ||
| 653 |
_bCOMSCI _cJune2015 _cMarch2015 |
||
| 700 | 1 | _aMedvidović, Nead. | |
| 700 | 1 | _aDashofy, Eric M. | |
| 942 |
_2ddc _k005.12 TAY |
||
| 999 |
_c19916 _d19888 |
||